Kambing jantan yang sombong

Bibliographic Details
Main Author: Norsiah Mohd Ali
Format: Book
Published: Selangor : Pustaka Seri Idaman , 2007
Series:Siri rimba mustika
Subjects:

MARC

LEADER 00000cam a2200000 7i4500
001 0000063846
005 20220105104220.0
008 160614
020 |a 9789833312896 (set) 
020 |a 9789833312924 
020 |a 9833312926 
090 0 0 |a ANM   |b MAL 
100 1 |a Norsiah Mohd Ali 
245 1 0 |a Kambing jantan yang sombong   |c Norsiah Mohd Ali 
260 |a Selangor :   |b Pustaka Seri Idaman ,   |c 2007 
490 1 |a Siri rimba mustika 
500 |a Children age 4-6 years old (yellow) 
650 0 |a Animals   |x Fiction 
650 0 |a Children's stories,Malay 
999 |a 0001077887   |b Book   |c Children Collection   |e Cawangan Tmn. Ungku Tun Aminah 
999 |a 0001077933   |b Book   |c Children Collection   |e Cawangan Pontian